Sven-Göran Eriksson's England - Statistics

General Stats
  • This quiz has been taken 16 times
  • The average score is 44 of 71
Answer Stats
Rank Player Position Nationality Matches Goals Assists % Correct
29 David Seaman Goalkeeper 13 0 0
100%
5 Frank Lampard Central Midfield 43 11 4
100%
7 Gary Neville Right-Back 39 0 2
100%
2 Michael Owen Centre-Forward 55 28 9
100%
20 Phil Neville Right-Back 22 0 0
100%
4 Steven Gerrard Central Midfield 44 8 6
100%
1 David Beckham Central Midfield 56 16 20
93%
16 John Terry Centre-Back 28 0 2
93%
8 Paul Scholes Central Midfield 36 4 9
93%
33 Peter Crouch Centre-Forward 10 5 1
93%
6 Rio Ferdinand Centre-Back 41 1 2
93%
10 Wayne Rooney Centre-Forward 33 11 4
93%
44 Andy Cole Centre-Forward 5 1 2
87%
3 Ashley Cole Left-Back 50 0 2
87%
12 David James Goalkeeper 32 0 0
87%
17 Jamie Carragher Centre-Back 26 0 1
87%
9 Joe Cole Attacking Midfield 36 6 8
87%
18 Paul Robinson Goalkeeper 25 0 0
87%
11 Owen Hargreaves Defensive Midfield 33 0 1
80%
14 Sol Campbell Centre-Back 31 1 0
80%
53 Andy Johnson Centre-Forward 2 0 0
73%
13 Emile Heskey Centre-Forward 32 4 7
73%
46 Glen Johnson Right-Back 5 0 0
73%
40 Michael Carrick Defensive Midfield 7 0 0
73%
15 Nicky Butt Defensive Midfield 30 0 2
73%
31 Teddy Sheringham Centre-Forward 12 2 1
73%
49 Jonathan Woodgate Centre-Back 4 0 0
67%
37 Martin Keown Centre-Back 7 0 0
67%
69 Richard Wright Goalkeeper 1 0 0
67%
32 Robbie Fowler Centre-Forward 11 4 2
67%
64 Rob Green Goalkeeper 1 0 0
67%
42 Steve McManaman Right Midfield 6 0 0
67%
19 Wayne Bridge Left-Back 23 1 0
67%
39 Wes Brown Centre-Back 7 0 0
67%
67 Ian Walker Goalkeeper 1 0 0
60%
25 Ledley King Centre-Back 16 0 0
60%
41 Matthew Upson Centre-Back 7 0 0
60%
51 Aaron Lennon Right Winger 4 0 0
53%
35 Danny Murphy Central Midfield 9 1 0
53%
21 Darius Vassell Centre-Forward 22 6 1
53%
62 Darren Bent Centre-Forward 1 0 0
53%
57 Gareth Barry Defensive Midfield 2 0 0
53%
24 Gareth Southgate Centre-Back 16 1 0
53%
27 Jermain Defoe Centre-Forward 16 1 0
53%
54 Kevin Phillips Centre-Forward 2 0 0
53%
22 Kieron Dyer Right Midfield 20 0 1
53%
61 Lee Bowyer Central Midfield 1 0 1
53%
34 Nigel Martyn Goalkeeper 9 0 0
53%
26 Alan Smith Central Midfield 16 1 0
47%
23 Danny Mills Right-Back 19 0 0
47%
71 Francis Jeffers Centre-Forward 1 1 0
47%
28 Jermaine Jenas Central Midfield 15 0 1
47%
43 Nick Barmby Left Midfield 5 1 1
47%
56 Scott Parker Central Midfield 2 0 0
47%
36 Shaun Wright-Phillips Right Winger 8 1 2
47%
48 Stewart Downing Left Midfield 5 0 0
47%
30 Trevor Sinclair Left Winger 12 0 1
47%
70 Darren Anderton Right Midfield 1 0 0
40%
38 Luke Young Right-Back 7 0 0
40%
59 Michael Ricketts Centre-Forward 1 0 0
40%
58 Paul Konchesky Left-Back 2 0 0
40%
52 Ugo Ehiogu Centre-Back 3 1 1
40%
47 James Beattie Centre-Forward 5 0 0
33%
50 Kieran Richardson Left-Back 4 2 0
33%
55 Zat Knight Centre-Back 2 0 0
33%
45 Chris Powell Left-Back 5 0 0
27%
65 David Dunn Attacking Midfield 1 0 0
27%
63 Michael Ball Left-Back 1 0 0
27%
60 Alan Thompson Left Midfield 1 0 0
20%
66 Anthony Gardner Centre-Back 1 0 0
13%
68 Gavin McCann Central Midfield 1 0 0
13%
No matching quizzes found
Score Distribution
Percent of People with Each Score
Percentile by Number Answered
Your Score History
You have not taken this quiz